Polyesters / (Record no. 17242)
[ view plain ]
| 000 -LEADER | |
|---|---|
| fixed length control field | 00829cam a2200265u 4500 |
| 001 - CONTROL NUMBER | |
| control field | 17242 |
| 003 - CONTROL NUMBER IDENTIFIER | |
| rucl marc code | BD-RjUL |
| 005 - DATE AND TIME OF LATEST TRANSACTION | |
| control field | 20211209000117.0 |
| 008 - FIXED-LENGTH DATA ELEMENTS--GENERAL INFORMATION | |
| fixed length control field | 140216s1965 enka 001 0 eng |
| 035 ## - SYSTEM CONTROL NUMBER | |
| System control number | (BD-RjUL)17300 |
| 040 ## - CATALOGING SOURCE | |
| Original cataloging agency | DLC |
| Transcribing agency | CarP |
| Modifying agency | BD-RjUL |
| Language of cataloging | eng |
| 041 ## - LANGUAGE CODE | |
| Language code of text/sound track or separate title | eng |
| 082 00 - DEWEY DECIMAL CLASSIFICATION NUMBER | |
| Classification number | 668.4225 |
| Author mark and year | GOP 1965 |
| 100 1# - MAIN ENTRY--PERSONAL NAME | |
| Personal name | Goodman, Isaac. |
| 9 (RLIN) | 53163 |
| 245 00 - TITLE STATEMENT | |
| Title | Polyesters / |
| Statement of responsibility, etc. | I. Goodman and J. A. Rhys. |
| Number of part/section of a work | volume I : |
| Name of part/section of a work | saturated polymers |
| 260 ## - PUBLICATION, DISTRIBUTION, ETC. (IMPRINT) | |
| Place of publication, distribution, etc. | London ; |
| Name of publisher, distributor, etc. | Published for the Plastics Institute by Iliffe Books ; |
| Place of publication, distribution, etc. | New York : |
| Name of publisher, distributor, etc. | American Elsevier Pub. Co., |
| Date of publication, distribution, etc. | c1965. |
| 300 ## - PHYSICAL DESCRIPTION | |
| Pagination | 158 p. : |
| Illustrations | illus. ; |
| Size | 23 cm. |
| 500 ## - GENERAL NOTE | |
| General note | Includes index. |
| 650 #0 - SUBJECT ADDED ENTRY--TOPICAL TERM | |
| Topical term or geographic name as entry element | Polyesters. |
| 9 (RLIN) | 40265 |
| 700 1# - ADDED ENTRY--PERSONAL NAME | |
| Personal name | Rhys, J. A. |
| 710 2# - ADDED ENTRY--CORPORATE NAME | |
| Corporate name or jurisdiction name as entry element | Plastics Institute. |
| 9 (RLIN) | 52006 |
| 942 ## - ADDED ENTRY ELEMENTS (KOHA) | |
| Source of classification or shelving scheme | Dewey Decimal Classification |
| Koha item type | Books |
| Lost status | Source of classification or shelving scheme | Materials specified (bound volume or other part) | Damaged status | Not for loan | Collection code | Permanent Location | Current Location | Shelving location | Date acquired | Source of acquisition | Cost, normal purchase price | Total Checkouts | Full call number | Date last seen | Copy number | Koha item type |
|---|---|---|---|---|---|---|---|---|---|---|---|---|---|---|---|---|
| Dewey Decimal Classification | V-1 | Not For Loan | Non-fiction | Central Library, University of Rajshahi | Central Library, University of Rajshahi | Reading Room | 06/09/1973 | Book center | 46.20 | 668.4225 GOP 1965 | 16/02/2014 | C-1 | Books |